00895nam a2200265 a 450000100060000000300080000600500170001400800410003102000150007203500190008704000320010604100080013808200240014610000210017024501130019125000400030426000540034430000350039850400200043360000200045365000260047365000420049965000480054170000400058953372BD-RjUL20211209075942.0170504s1989 enka b 001 0 eng d a0470215178 a(BD-RjUL)53492 aDLCcDLCdDLCdBD-RjULbeng aeng00a543.1223bVOV 19891 aVogel, Arthur I.10aVogel's textbook of quantitative chemical analysis /cArthur I. Vogel ; Revised by G. H. Jeffery...[et al.] a5th ed. , ELBS ed. , Low Priced ed. aLongman :bEnglish language book society,c1989. axxix, 877 p. :bill. ;c24 cm. aIncludes index. c q  0aChemistry, Inorganic. 0aAnalytical chemistry xQuantitative.  0aChemistry, Inorganic xLaboratory manuals. 1 aJeffery, G. H. ...[et al.], Reviser